| 000 | 01355cam a22003614a 4500 | ||
|---|---|---|---|
| 999 |
_c129916 _d129916 |
||
| 001 | 12599894 | ||
| 003 | ARRUPE | ||
| 005 | 20191016094140.0 | ||
| 008 | 011127s2002 nyua b 001 0 eng | ||
| 010 | _a 2001058868 | ||
| 020 | _a1586481258 | ||
| 040 |
_aDLC _cDLC _dDLC |
||
| 042 | _apcc | ||
| 050 | 0 | 0 |
_aHF1359 _b.S65 2002 |
| 082 | 0 | 0 |
_a337 _221 |
| 100 | 1 |
_aSoros, George. _947906 |
|
| 245 | 1 | 0 |
_aGeorge Soros on globalization _cGeorge Soros |
| 250 | _a1st ed. | ||
| 260 |
_aNew York : _bPublicAffairs, _cc2002. |
||
| 300 |
_axvi, 191 p. : _bill. ; _c21 cm. |
||
| 504 | _aIncludes bibliographical references and index. | ||
| 610 | 2 | 0 |
_aWorld Trade Organization. _948328 |
| 610 | 2 | 0 |
_aInternational Monetary Fund. _926656 |
| 610 | 2 | 0 |
_aWorld Bank. _910370 |
| 650 | 0 |
_aInternational economic relations. _948329 |
|
| 650 | 0 |
_aInternational trade. _97042 |
|
| 650 | 0 |
_aInternational finance. _918267 |
|
| 650 | 0 |
_aGlobalization _xEconomic aspects. _942389 |
|
| 856 | 4 | 1 |
_3Table of contents _uhttp://www.loc.gov/catdir/toc/fy035/2001058868.html |
| 906 |
_a7 _bcbc _corignew _d1 _eocip _f20 _gy-gencatlg |
||
| 942 |
_2lcc _cMONOGRAPH |
||